Global Egyptology : negotiations in the production of knowledge in Ancient Egypt in global contexts /
Other Authors:
Format: Book
Language: English
Published:
London :
Golden House Publications,
2017.
Series:
GHP Egyptology ;
26.
Egyptology ;
26.
Subjects:
Tags: Add Tag
Call Number: DT59 .E88 v.26
| LEADER | 00949namaa2200289 4500 | ||
|---|---|---|---|
| 003 | OSt | ||
| 005 | 20260517110410.0 | ||
| 008 | 130303s2017 enkab b 000 0 eng d | ||
| 020 | |a 9781906137557 | ||
| 040 | |c ARCE Library | ||
| 043 | |a f-ua--- | ||
| 050 | 4 | |a DT59 .E88 v.26 | |
| 245 | 0 | 0 | |a Global Egyptology : |b negotiations in the production of knowledge in Ancient Egypt in global contexts / |c Christian Langer (editor). |
| 264 | 1 | |a London : |b Golden House Publications, |c 2017. | |
| 300 | |a xx, 198 pages : |b illustrations, maps ; |c 30 cm. | ||
| 490 | 1 | |a GHP Egyptology ; |v 26. | |
| 490 | 1 | |a Egyptology ; |v 26. | |
| 504 | |a Includes bibliographical references. | ||
| 650 | 0 | |a Egytology |x History. |9 1752 | |
| 650 | 0 | |a Archaeology |z Egypt |x History. | |
| 651 | 0 | |a Egypt |x Antiquities. | |
| 700 | 1 | |a Langer, Christian. | |
| 830 | 0 | |a GHP Egyptology ; |v 26. | |
| 830 | 0 | |a Egyptology ; |v 26. | |
| 901 | |a reviewed | ||
| 942 | |c BK |2 lcc | ||
| 999 | |c 2629 |d 2629 | ||
